00748 2200301 4500001002100000005001500021035002000036008004100056041000700097082001200104090001600116100002600132245005100158260004300209020001800252084001800270250001200288300002300300650001300323990001400336990001200350990001400362990001400376990001400390990001400404990001400418990001400432INLIS00000000000171920260520072248 a0010-0722001719260520 | | ind  aid a636.514 a636.5 Aks p0 aAksi Agraris Kanisius1 aPemeliharaan Ayam Ras /cAksi Agraris Kanisius aYogyakarta :bPenerbit Kanisius,c2007 a979-413-489-9 a636.514 AKS p aCet. 18 a135 hlm ;c20.5 cm 4aAyam Ras a3911.2/23 a3911/23 a3911.3/23 a3911.4/23 a3911.5/23 a3911.6/23 a3911.7/23 a3911.8/23